Pomalé rozpínanie ruže

Bibliographic Details
Main Author: Haugová, Mila, 1942- (Author)
Format: Article
Language:Slovak
ISSN:1210-1982
Subjects:

MARC

LEADER 00000nab a2200000 ar4500
001 vtls008958546
003 SK-MaSNL
005 20260303071015.0
008 070326c2007 xo er|p|||||||000 b|slo
015 |a SNBRB2007/03  |2 snkbucl 
038 |a SNKBUCL 
040 |a SNKBUCL  |b slo  |c SNKBUCL  |e AACR2 
041 0 |a slo 
044 |a xo  |c SK 
080 |a 82.09:821.162.4-1  |2 1997 
080 |a 821.162.4-1.09  |2 1997 
100 1 |a Haugová, Mila,  |d 1942-  |4 aut  |9 90543 
245 1 0 |a Pomalé rozpínanie ruže  |c Mila Haugová 
600 1 7 |a Dianišková, Veronika,  |d 1986-  |t Labyrint okolo rúk  |2 snkbucl  |9 1069179 
773 0 |t Knižná revue  |g Roč. XVII, č. 6 (2007), s. 1  |x 1210-1982 
852 |a SNK  |b KIS3GCP 
958 |a LX 
958 |a SK 
999 |c 1757921  |d 1759851